Výrobná logistika a expedícia v spoločnosti Johnson Controls Interiors, s.r.o. diplomová práca

Gespeichert in:
Bibliographische Detailangaben
1. Verfasser: Somora, Peter
Körperschaft: Fakulta podnikového manažmentu EU. Katedra manažmentu výroby a logistiky - zrušená
Weitere Verfasser: Stern, Juraj
Format: Buch
Sprache:Slowakisch
Veröffentlicht: Bratislava 2009
Tags: Tag hinzufügen
Keine Tags, Fügen Sie das erste Tag hinzu!

MARC

LEADER 00000nam$a2200000$$$4500
001 0102438
005 20240320075538.3
041 0 |a slo 
044 |a SK 
245 1 0 |a Výrobná logistika a expedícia v spoločnosti Johnson Controls Interiors, s.r.o.  |b diplomová práca  |c Peter Somora ; škol. Juraj Stern 
264 1 |a Bratislava  |c 2009 
300 |a 64 s. 
100 1 |a Somora, Peter 
700 1 |a Stern, Juraj 
710 2 |a Fakulta podnikového manažmentu EU. Katedra manažmentu výroby a logistiky - zrušená